[Event "Santo Domingo op U2100"]
[Site "Santo Domingo"]
[Date "2015.02.07"]
[Round "3"]
[White "Beltre, Pedro"]
[Black "Martinez, Anthony"]
[Result "1-0"]
[WhiteElo "1861"]
[BlackElo "1754"]
[PlyCount "73"]
[EventDate "2015.02.06"]
[EventType "swiss"]
[EventRounds "8"]
[EventCountry "DOM"]
[SourceTitle "CBM 164 Extra"]
[Source "ChessBase"]
[SourceDate "2015.03.02"]
[SourceVersion "1"]
[SourceVersionDate "2015.03.02"]
[SourceQuality "1"]

1. e4 c5 2. Nf3 d6 3. d4 cxd4 4. Nxd4 Nf6 5. Nc3 a6 6. Be3 Qc7 7. f3 e6 8. g4 Nc6 9. Qd2 Nxd4 10. Bxd4 e5 11. Be3 Be6 12. g5 Nd7 13. 0-0-0 Qa5 14. Kb1 Rc8 15. Nd5 Qa4 16. h4 Qc6 17. Bh3 b5 18. h5 Nc5 19. g6 hxg6 20. Bxe6 fxe6 21. Nb4 Qb7 22. hxg6 Rxh1 23. Rxh1 Na4 24. Rh8 a5 25. Qxd6 Qe7 26. Qxe7+ Kxe7 27. Bg5+ Kd7 28. Nd3 Bd6 29. Rxc8 Kxc8 30. Kc1 Nc5 31. Nxc5 Bxc5 32. Kd2 Bf8 33. a3 Kb7 34. Bd8 a4 35. c4 Kc8 36. Ba5 Kd7 37. cxb5 1-0